| 000 | 00811nam a2200265 i 4500 | ||
|---|---|---|---|
| 001 | 67686 | ||
| 003 | ES-MaACL | ||
| 005 | 20250911063538.0 | ||
| 007 | t| | ||
| 008 | 040610s2003 sp ||||1| spa d | ||
| 020 | _a84-8307-595-4 | ||
| 080 | _a37.035.6(07) | ||
| 100 | 1 |
_aMenéndez-Reigada, Albino G., _d1881-1958 _980321 |
|
| 245 | 1 | 0 |
_aCatecismo patriótico español / _cMenéndez-Reigada ; prólogo de Hilari Raguer. |
| 250 | _a1ª ed. | ||
| 260 |
_aBarcelona : _bPenínsula, _c2003. |
||
| 300 |
_a92 p. ; _c21 cm. |
||
| 490 | 1 |
_aAtalaya ; _v138 |
|
| 650 | 7 |
_aEducación cívica- _zEspaña _2 _9152945 |
|
| 650 | 7 |
_aNacionalsindicalismo _2embne _9158045 |
|
| 700 | 1 |
_aRaguer, Hilari. _995001 |
|
| 830 | 1 |
_aAtalaya ; _v138 _9180261 |
|
| 852 |
_aES-MaACL _jL-27869 |
||
| 999 |
_c67686 _d67686 |
||